The role of alcoholism in generating crime

Saved in:  
Bibliographic Details
Main Author: Mazur, Andrzej (Author)
Format: Print Article
Language:English
Published: 1991
In: Archiv für Kriminologie
Year: 1991, Volume: 17, Pages: 397-399
Availability in Tübingen:Present in Tübingen.
IFK: 7180
Check availability: HBZ Gateway
Keywords:

MARC

LEADER 00000caa a22000002c 4500
001 1640256199
003 DE-627
005 20220608131524.0
007 tu
008 160223s1991 xx ||||| 00| ||eng c
035 |a (DE-627)1640256199 
035 |a (DE-576)456095624 
035 |a (DE-599)BSZ456095624 
040 |a DE-627  |b ger  |c DE-627  |e rakwb 
041 |a eng 
100 1 |a Mazur, Andrzej  |4 aut 
245 1 4 |a The role of alcoholism in generating crime  |c Andrzej Mazur 
264 1 |c 1991 
336 |a Text  |b txt  |2 rdacontent 
337 |a ohne Hilfsmittel zu benutzen  |b n  |2 rdamedia 
338 |a Band  |b nc  |2 rdacarrier 
773 0 8 |i In  |t Archiv für Kriminologie  |d Lübeck : Schmidt-Römhild, 1916  |g 17(1991), Seite 397-399  |w (DE-627)129061530  |w (DE-600)470-4  |w (DE-576)014392313  |x 0003-9225  |7 nnas 
773 1 8 |g volume:17  |g year:1991  |g pages:397-399 
935 |a mkri 
951 |a AR 
ELC |b 1 
LOK |0 000 xxxxxcx a22 zn 4500 
LOK |0 001 3301745091 
LOK |0 003 DE-627 
LOK |0 004 1640256199 
LOK |0 005 20160223101457 
LOK |0 008 160208||||||||||||||||ger||||||| 
LOK |0 040   |a DE-21-110  |c DE-627  |d DE-21-110 
LOK |0 689   |a s  |a Alkohol 
LOK |0 689   |a s  |a Kriminalität 
LOK |0 852   |a DE-21-110 
LOK |0 852 1  |c 7180  |m p  |9 00 
LOK |0 935   |a k110 
LOK |0 938   |k p 
LOK |0 939   |a 08-02-16  |b l01 
ORI |a SA-MARC-krimdoka001.raw 
SIG |a IFK: 7180